Loading...

ULTRAVIOLET AND VISIBLE SPECTROSCOPY

Bibliographic Details
Main Author: THOMAS MICHAEL J K
Format: Printed Book
Published: New Delhi WIIEY INDIA 1961
Subjects:
LEADER 00589nam a2200181 4500
020 |a 9  |c 30 
082 |a 543.085 85 THO 
100 |a THOMAS MICHAEL J K 
245 |a ULTRAVIOLET AND VISIBLE SPECTROSCOPY  |h ENGLISH 
250
260 |a New Delhi  |b WIIEY INDIA  |c 1961 
300 |a 229  |f PB 
500 |a   
590 |d SHILLI 30 
650 |a ULTRAVIOLET AND VISIBLE SPECTROSCOPY 
942 |c BK 
999 |c 119388  |d 119388 
952 |0 0  |1 0  |2 ddc  |4 1  |6 543_085000000000000_85_THO  |7 0  |9 132853  |a CHE  |b CHE  |g 30.00  |l 0  |o 543.085 85 THO  |p CHE696  |r 2019-10-15  |w 2019-10-15  |y BK